| 000 | 01565nam a22004337a 4500 | ||
|---|---|---|---|
| 001 | 000096701 | ||
| 003 | CHAP | ||
| 005 | 20220329143208.0 | ||
| 008 | 061215d2006 mx r 00110 spa d | ||
| 010 | _a93167 | ||
| 011 | _a94139 | ||
| 035 | _a104723 | ||
| 040 | _cCHAP | ||
| 090 | _aTesis | ||
| 100 | 1 |
_aHernández Gómez, Roberto. _954091 |
|
| 245 | 1 | 0 |
_aAnálisis de la competitividad y productividad de las ramas y sub-ramas de la agroindustria en México 1994-2004 / _c/por Roberto Hernández Gómez. |
| 260 |
_aChapingo, Méx. : _bEl autor, _c2006. |
||
| 300 | _a103 h. | ||
| 502 | _aTesis (Ing. Agroindustrial) - - UACH. Departamento de Ingeniería Agroindustrial | ||
| 590 |
_aALEPH _b10 _c20130110 _lUCH01 _h1515 |
||
| 590 |
_aBATCH-UPD _b10 _c20130110 _lUCH01 _h0546 |
||
| 590 |
_aBATCH-UPD _b10 _c20130410 _lUCH01 _h0227 |
||
| 590 |
_aBATCH-UPD _b10 _c20130914 _lUCH01 _h0212 |
||
| 590 |
_aBATCH-UPD _b10 _c20140324 _lUCH01 _h1500 |
||
| 590 |
_aBATCH-UPD _b10 _c20141002 _lUCH01 _h0832 |
||
| 590 |
_aCONVERSION _b10 _c20130109 _lUCH01 _h1352 |
||
| 590 |
_aE792CSJ _b10 _c20130531 _lUCH01 _h1056 |
||
| 650 | 1 | 4 |
_aAlimentos _xIndustria. _94227 |
| 650 | 1 | 4 |
_aCompetencia. _926091 |
| 650 | 1 | 4 |
_aIndustrias agrícolas _xMéxico. _957957 |
| 650 | 1 | 4 |
_aProductividad. _991868 |
| 856 |
_3Finding aid _uhttp://10.13.5.2/tesis/104723.pdf _zTeclea aquí |
||
| 901 | _aBK | ||
| 905 | _aLilia | ||
| 942 | _cCD | ||
| 942 | _n0 | ||
| 949 |
_aTesis _bBC _cTES _d33724002011637 _eTS2 _fc.2 _h46185 _i104723 _si |
||
| 949 |
_aTesis _bBC _cTES _d33724002011678 _eTS1 _h46184 _i104723 _sb |
||
| 999 |
_c93167 _d93167 |
||